01497cam a2200421 i 45000010005000000030009000050050017000140080039000310150017000700200015000870400028001020800007001300800012001371000049001492450128001982500015003262600056003413000055003973360027004523370054004793380028005333800016005613800027005773850039006043880014006433880014006575040012006716580024006836550030007076500011007377000048007487000029007968560097008259420012009229990015009349520063009499520063010124754KOSZ 00520190725095040.0970612s1991 pl a f f |001 0 pol aPB 1991/5452 a8301087951 aWA NcWA NdKOSZ 005/HR a53 a(075.8)1 aHerman, Marian Augustynd(1936-2015).eAutor10aPodstawy fizyki :bdla kandydatów na wyższe uczelnie /cMarian Augustyn Herman, Andrzej Kalestyński, Leszek Widomski. aWyd. 5 zm. aWarszawa :bPaństwowe Wydawnictwo Naukowe,c1991. a698, [2] s., [2] k. tabl. :brys., wykr. ;c24 cm. 2rdacontentaTekstbtxt 2rdamediaaBez urządzenia pośredniczącegobn 2rdacarrieraWoluminbnc aKsiążki aPublikacje dydaktyczne mPoziom nauczaniaaSzkoły wyższe a1901-2000 a1989-2000 aIndeks. aFizyka i astronomia 4aPodręczniki akademickie 4aFizyka1 aKalestyński, Andrzejd(1927-2016).eAutor1 aWidomski, Leszek.eAutor uhttp://koha.tu.koszalin.pl/cgi-bin/koha/opac-detail.pl?biblionumber=4754yKatalog online BPK 2UKDcKS c4754d4754 00104070aBPKbBPKcwoP 42092p01050240s2016-05-20yKS 00104070aBPKbBPKcwoP 46131p01050233s2021-03-23yKS